Ч. 2; Расчет и проектирование следящего привода

Dades bibliogràfiques
Parent link:Расчет и проектирование следящего привода: учебное пособие/ Л. К. Бурулько; Томский политехнический университет. Ч. 2.— , 2004-
Sumari:В учебном пособии изложены основы проектирования и расчета следящих приводов автономных объектов, приведены методики расчета таких приводов с использованием эффективной математической системы MathCAD 2000 Professional Edition (PRO). Пособие подготовлено на кафедре электропривода и электрооборудования ТПУ и предназначено для обучения студентов очной и заочной форм подготовки по направлению 140600 «Электротехника, электромеханика и электротехнологии» и специальностей 140609 (181100) «Электрооборудование летательных аппаратов» 140604 «Электропривод и автоматика промышленных установок и технологических комплексов».
Idioma:rus
Publicat: 2005
Matèries:
Format: MixedMaterials Llibre
KOHA link:https://koha.lib.tpu.ru/cgi-bin/koha/opac-detail.pl?biblionumber=65289

MARC

LEADER 00000nam2a2200000 4500
001 65289
005 20231031070415.0
035 |a (RuTPU)RU\TPU\book\69306 
090 |a 65289 
100 |a 20040617d2005 m y0rusy50 ca 
101 0 |a rus 
102 |a RU 
105 |a a j 001zy 
200 0 |a Ч. 2 
210 |d 2005 
215 |a 75 с.  |c ил. 
320 |a Библиогр.: с. 73-74. 
330 |a В учебном пособии изложены основы проектирования и расчета следящих приводов автономных объектов, приведены методики расчета таких приводов с использованием эффективной математической системы MathCAD 2000 Professional Edition (PRO). Пособие подготовлено на кафедре электропривода и электрооборудования ТПУ и предназначено для обучения студентов очной и заочной форм подготовки по направлению 140600 «Электротехника, электромеханика и электротехнологии» и специальностей 140609 (181100) «Электрооборудование летательных аппаратов» 140604 «Электропривод и автоматика промышленных установок и технологических комплексов». 
461 1 |0 (RuTPU)RU\TPU\book\84758  |t Расчет и проектирование следящего привода  |o учебное пособие  |f Л. К. Бурулько  |g Томский политехнический университет  |v Ч. 2  |d 2004-  |s Учебники Томского политехнического университета 
610 1 |a следящие приводы 
610 1 |a системы программирования 
610 1 |a MathCAD 
610 1 |a расчет 
610 1 |a анализ 
610 1 |a корректирующие устройства 
610 1 |a учебные пособия 
610 1 |a электротехника 
610 1 |a электромеханика 
610 1 |a электроприводы 
675 |a 681.513.3.001.2(075.8)  |v 3 
801 1 |a RU  |b 63413507  |c 20040617  |g PSBO 
801 2 |a RU  |b 63413507  |c 20150922  |g PSBO 
942 |c BK